000
00332 a2200109 4500
001
ART_52679
005
20260410161811.0
008
260409a
245
1
0
_a
Oda a las mujeres y hombres orquesta
100
1
_a
Truffat, Edgardo Daniel
773
0
_t
Doctrina Societaria y Concursal
_g
- N° 403 (jun. 2021)
_w
REV4298
999
_c
21429
_d
21429